000 00449nam a2200181Ia 4500
008 230711s9999||||xx |||||||||||||| ||und||
020 _a978-81-315-1636-2
041 _aENG
082 _a651.7
_bWI-C
100 _aWilliams,Karen
245 0 _aCommunicating in business
250 _a8th Ed.
260 _c2011
_aDelhi
_bCengage Learning
300 _a712p.
650 _aUNIVESITY BUSNIESS SCHOOL
700 _aKrizan,A.C,"Buddy"
942 _cBK
999 _c5947
_d5947